Vận động-thở-rèn luyện tâm lý-thể lực
Các phương pháp luyện tập tâm lý - thể lực nhằm nâng cao hiệu quả của tập thể dục. 10 bài tập tâm lý thể lực, biện pháp giữ gìn và phục hồi sức khoẻ
Zapisane w:
| 1. autor: | |
|---|---|
| Kolejni autorzy: | |
| Format: | Książka |
| Język: | Vietnamese |
| Wydane: |
H.
Thể dục thể thao
1985
|
| Hasła przedmiotowe: | |
| Etykiety: |
Dodaj etykietę
Nie ma etykietki, Dołącz pierwszą etykiete!
|
| Thư viện lưu trữ: | Mạng thư viện Đại học Đà Nẵng |
|---|
| LEADER | 01451nam a22003978a 4500 | ||
|---|---|---|---|
| 001 | 000009541 | ||
| 003 | 5738 | ||
| 005 | 20111028111042.0 | ||
| 008 | 111028s1985 b 000 0 vieod | ||
| 020 | |c 5500đ |d 12300b | ||
| 041 | 0 | |a vie | |
| 082 | |a 613.7 |b ĐI-C | ||
| 084 | |a V | ||
| 100 | 1 | |a Đinâyca, Carôlix | |
| 245 | 1 | 0 | |a Vận động-thở-rèn luyện tâm lý-thể lực |c Carôlix Đinâyca ; Dịch: Lê Thị Phi |
| 260 | |a H. |b Thể dục thể thao |c 1985 | ||
| 300 | |a 195tr : hình vẽ |c 19cm | ||
| 520 | |a Các phương pháp luyện tập tâm lý - thể lực nhằm nâng cao hiệu quả của tập thể dục. 10 bài tập tâm lý thể lực, biện pháp giữ gìn và phục hồi sức khoẻ | ||
| 653 | |a Thể dục | ||
| 653 | |a thở | ||
| 653 | |a tâm lý | ||
| 653 | |a thể lực | ||
| 653 | |a vận động | ||
| 653 | |a phương pháp luyện tập | ||
| 700 | 1 | |a Lê Thị Phi |e Dịch | |
| 910 | |a Nguyễn Thị Kim Oanh |d 28/10/2011 | ||
| OWN | |a LSP | ||
| AVA | |a UDN50 |b LSP |d 613.7 ĐI-C |e available |t Error 5001 Not defined in file expand_doc_bib_avail. |f 2 |g 1 |h N |i 0 |k 1 | ||
| 999 | |a From the UDN01 | ||
| AVA | |a UDN50 |b LSP |d 613.7 ĐI-C |e available |t Error 5001 Not defined in file expand_doc_bib_avail. |f 2 |g 1 |h N |i 0 |k 1 | ||
| TYP | |a Monograph | ||
| TYP | |a Printed language | ||
| 980 | |a Mạng thư viện Đại học Đà Nẵng | ||